000 00577nam a22001937a 4500
005 20251108174652.0
008 250721s9999 xx 000 0 ara d
020 _a9628684388
082 1 4 _aط/599/عبد
100 1 _aعبدالله، يوسف عبد الغفار
_eمؤلف
245 1 0 _aحيوانات الغابة /
264 1 _aب.م :
_b123 publishing house limited،
_c[200-].
300 _a24 ص.
490 0 _a123
650 1 7 _aالحيوانات
653 _aاطفال مرحله متوسطه ( 6 - 9 سنوات )
942 _2ddc
_cBK
999 _c114940
_d114940